Prezydenci USA według zdjęcia - Statystyki

Ogólne statystyki
  • Ten quiz został rozwiązany 15 razy
  • Średni wynik to 11 z 45
Statystyki odpowiedzi
Obrazkowy Odpowiedź % Poprawnych
Barack Obama
90%
Donald Trump
90%
Joe Biden
90%
Abraham Lincoln
80%
George W. Bush
80%
Bill Clinton
70%
John F. Kennedy
70%
George H.W. Bush
60%
Jimmy Carter
60%
George Washington
50%
Ronald Reagan
50%
Franklin D. Roosevelt
40%
Lyndon B. Johnson
40%
Richard Nixon
40%
Woodrow Wilson
40%
Theodore Roosevelt
30%
Harry Truman
20%
Thomas Jefferson
20%
Calvin Coolidge
10%
Dwight D. Eisenhower
10%
Gerald R. Ford
10%
John Adams
10%
Martin Van Buren
10%
Ulysses S. Grant
10%
Andrew Jackson
0%
Andrew Johnson
0%
Benjamin Harrison
0%
Chester A. Arthur
0%
Franklin Pierce
0%
Grover Cleveland
0%
Herbert Hoover
0%
James Buchanan
0%
James Garfield
0%
James K. Polk
0%
James Madison
0%
James Monroe
0%
John Quincy Adams
0%
John Tyler
0%
Millard Fillmore
0%
Rutherford B. Hayes
0%
Warren Harding
0%
William Henry Harrison
0%
William McKinley
0%
William Taft
0%
Zachary Taylor
0%
Nie znaleziono quizów pasujących do podanych kryteriów
Rozkład punktacji
Procent ludzi z każdym wynikiem
Percentyl według liczby udzielonych odpowiedzi
Twoja historia wyników
Nie rozwiązałeś tego quizu